Top 15 Global Hot Spots for Political Risk - Statistics

General Stats
  • This quiz has been taken 24 times
  • The average score is 12 of 30
Answer Stats
Hint Answer % Correct
15 Afghanistan
95%
3 Syria
90%
5 Iran
86%
6 Iraq
86%
7 North Korea
81%
11 Sudan
81%
1 Democratic Republic of the Congo
76%
10 South Sudan
76%
8 Pakistan
71%
9 Somalia
71%
13 Yemen
71%
4 Haiti
67%
12 Venezuela
62%
14 Zimbabwe
52%
4 Port-au-Prince
14%
6 Baghdad
10%
2 Bucharest
10%
12 Caracas
10%
3 Damascus
10%
8 Islamabad
10%
10 Juba
10%
15 Kabul
10%
1 Kinshasa
10%
9 Mogadishu
10%
7 Pyongyang
10%
2 Romania
10%
13 Sana'a
10%
14 Harare
5%
11 Khartoum
5%
5 Tehran
5%
No matching quizzes found
Score Distribution
Percent of People with Each Score
Percentile by Number Answered
Your Score History
You have not taken this quiz